Mối giao lưu văn hóa giữa các sứ thần Đại Việt - Triều Tiên trong lịch sử /

Enregistré dans:
Détails bibliographiques
Auteur principal: Trần Thanh Nhàn
Format: Article
Langue:Vietnamese
Sujets:
Tags: Ajouter un tag
Pas de tags, Soyez le premier à ajouter un tag!
Thư viện lưu trữ: Thư viện Trường Đại học Đà Lạt
LEADER 00841nam a2200277 4500
001 DLU140164020
005 ##20140912
040 # # |a DLU  |b vie 
041 # # |a vie 
044 # # |a vn 
100 # # |a Trần Thanh Nhàn 
245 # # |a Mối giao lưu văn hóa giữa các sứ thần Đại Việt - Triều Tiên trong lịch sử /  |c Trần Thanh Nhàn 
653 # # |a Đại Việt 
653 # # |a Giao lưu văn hóa 
653 # # |a Quan hệ 
653 # # |a Triều Tiên 
773 # # |t Tạp chí Khoa học Xã hội Việt Nam  |g Số 9(58), 2012, tr. 100-106 
920 # # |a Phòng Tạp chí -- Trung tâm Thông tin - Thư viện Trường Đại học Đà Lạt 
994 # # |a DLU 
900 # # |a True 
911 # # |a Nguyễn Thị Tưởng 
925 # # |a G 
926 # # |a A 
927 # # |a BB 
980 # # |a Thư viện Trường Đại học Đà Lạt